Top 10 deutsche Gaming Kanäle - Statistiken

Allgemein
  • Dieses Quiz wurde 292 mal gespielt
  • Das Durchschnittsergebnis liegt bei 4 aus 10
Antwortstatistiken
Abonnenten (Millionen) Kanal % Korrekt
5,05 Paluten
83%
4,95 Gronkh
77%
3,72 GermanLetsPlay
53%
2,47 PietSmiet
38%
2,63 HandofBlood
30%
3,31 iCrimax
21%
3,32 Standart Skill
21%
2,76 SpontanaBlack
20%
2,55 AviveHD
10%
2,63 Arazhul
6%
Keine übereinstimmenden Quizze gefunden
Verteilung der Resultate
Anzahl Personen mit jedem Resultat
Perzentil nach korrekt beantworteten Fragen
Ihre Resultats-Entwicklung
Sie haben dieses Quiz noch nicht gespielt